|
|
|
|
| LEADER |
00000nam0a2200000 4500 |
| 001 |
36413 |
| 005 |
20231101210353.0 |
| 010 |
|
|
|a 5256004115
|
| 035 |
|
|
|a (RuTPU)RU\TPU\book\36885
|
| 035 |
|
|
|a BOOK00003537
|
| 090 |
|
|
|a 36413
|
| 100 |
|
|
|a 20011210d1991 m y0rusy50 ca
|
| 101 |
0 |
|
|a rus
|
| 102 |
|
|
|a RU
|
| 105 |
|
|
|a a j 001zy
|
| 200 |
1 |
|
|a Теория информации и передачи сигналов
|e учебник
|f В. А. Игнатов
|
| 210 |
|
|
|a Москва
|c Радио и связь
|d 1991
|
| 215 |
|
|
|a 279 с.
|c ил.
|
| 320 |
|
|
|a Библиогр.: с. 276-278 (52 назв.).
|
| 606 |
|
|
|a Информации теория
|2 stltpush
|3 (RuTPU)RU\TPU\subj\12892
|9 39595
|
| 606 |
|
|
|a Информация
|x Передача по каналам связи
|2 stltpush
|3 (RuTPU)RU\TPU\subj\12993
|9 39683
|
| 610 |
1 |
|
|a сигналы
|
| 610 |
1 |
|
|a теория
|
| 610 |
1 |
|
|a передача
|
| 610 |
1 |
|
|a сообщения
|
| 610 |
1 |
|
|a помехи
|
| 610 |
1 |
|
|a каналы связи
|
| 610 |
1 |
|
|a математические описания
|
| 610 |
1 |
|
|a контрольные вопросы
|
| 610 |
1 |
|
|a учебные пособия
|
| 675 |
|
|
|a 621.391(075.8)
|v 3
|
| 675 |
|
|
|a 621.391.3.052(075.8)
|v 3
|
| 700 |
|
1 |
|a Игнатов
|b В. А.
|g Владимир Алексеевич
|
| 801 |
|
0 |
|a RU
|b 63413507
|c 20011210
|g PSBO
|
| 801 |
|
2 |
|a RU
|b 63413507
|c 20180329
|g PSBO
|
| 900 |
|
|
|a Теория информации и ее приложение в автоматизированных системах
|
| 942 |
|
|
|c BK
|